| 000 | 00989cam a22002535a 4500 | ||
|---|---|---|---|
| 005 | 20091103014612.0 | ||
| 008 | 090911s2009 ii ab b 100 0 eng d | ||
| 010 | _aENG-95332 | ||
| 020 |
_a9788131307007 _c495..00 |
||
| 035 | _aEN-78865 | ||
| 037 | _aDBAD/PUB | ||
| 040 |
_aDPL _beng |
||
| 100 | _aBuvaneswaran, M. | ||
| 245 |
_aElectoral Participation of Rural People _cby M. Buvaneswaran |
||
| 260 |
_aNew Delhi : _bAPH Publishing Corporation _c2009. |
||
| 270 |
_a4435-36/7. Ansari road, Darya Ganj _bNew Delhi _e110002 |
||
| 300 |
_a xiv, 187p. _c22 cm. (Hb) |
||
| 520 | _aContributed articles. | ||
| 610 | _aCollege of Fort St. George (Madras, India) | ||
| 651 |
_aMadras (India) _xIntellectual life _y19th century. |
||
| 942 |
_2ddc _cEN _mBUV |
||
| 999 |
_c31390 _d31390 |
||